Cevher Jewel = (Record no. 15398)

MARC details
000 -BAŞLIK
Sabit Uzunlukta Kontrol Alanı 01025nam a22002657a 4500
999 ## - SİSTEM KONTROL NUMARALARI (KOHA)
Koha Biblionumber 15398
Koha Biblioitemnumber 15398
003 - KONTROL NUMARASI IDENTIFIER
Denetim Alanı MIRAKIL
005 - SON İŞLEM TARİHİ VE ZAMANI
Denetim Alanı 20240214165023.0
008 - SABİT-BOY VERİ ELEMANLARI - GENEL BİLGİLER
Sabit Uzunlukta Kontrol Alanı 240214b tu ||||| |||| 00| 0 tur d
020 ## - ULUSLARARASI STANDART KİTAP NUMARASI
Uluslararası Standart Kitap Numarası 9789756959954
040 ## - KATALOGLAMA KAYNAK
Orijinal Kataloglama Ajansı TR-AnCHP
Metne Dönüştürmek Ajansı TR-AnCHP
041 ## - DİL KODU
Metin / Ses Parça Veya Ayrı Başlığın Dil Kodu Türkçe
041 ## - DİL KODU
Metin / Ses Parça Veya Ayrı Başlığın Dil Kodu İngilizce
082 ## - DEWEY ONLU SINIFLANDIRMA NUMARASI
Sınıflandırma Numarası 739.27
Ürün Numarası B54c 2015
090 ## - SINIFLAMA NUMARASI
Sınıflama Numarası 739.27 B54c 2015
100 ## - ANA GİRİŞ - KİŞİSEL İSİM
Kişisel Ad Bilgi, Hülya
245 10 - BAŞLIK TABLOSU
Başlık Cevher Jewel =
Başlığın Kalan Sadberk Hanım Müzesi koleksiyonundan mineli ve murassa eserler /
Sorumluluk Tablosu, Vb [hazırlayan] Hülya Bilgi, İdil Zanbak
246 ## - UNVAN FORM VARYING
Başlık Doğru / Kısa Başlığı Cevher Jewel : Enamelled and jewelled objects from the Sadberg Hanım Museum collection
260 ## - YAYIN, DAĞITIM, VB
Yayın, Dağıtım, Vb Yeri İstanbul :
Yayıncı, Dağıtıcı, Vs Adı Vehbi Koç Vakfı,
Yayın, Dağıtım, Vb Tarihi 2015.
300 ## - FİZİKSEL TANIM
Kapsam 310 s. :
Diğer Fiziksel Ayrıntıları fotoğ. ;
Boyutlar 26x28 cm.
500 ## - GENEL NOT
Genel Not Dizin vardır<br/>Metin, Türkçe-İngilizce paralel ilerlemektedir.<br/>
504 ## - KAYNAKÇA VB NOT
Kaynakça Vb Notu Kaynakça: 300-303. ss.<br/>
650 #0 - KONU KATMA GİRİŞ - TOPİKAL DÖNEM
9 (RLIN) 7546
Topikal Süreli Veya Coğrafi Ad Giriş Elemanı Mücevherler
Genel Alt Bölümü Müze koleksiyonları
856 ## - ELEKTRONİK YER VE ERİŞİM
Kamu Notu Dijital Nüshası için Partimizin Kütüphane Sorumlusu ile iletişime geçiniz.
942 ## - EKLENDİ GİRİŞ ELEMANLARI (KOHA)
Sınıflandırma Veya Raf Düzeni Kaynak Dewey Decimal Classification
Koha Öğesi Türü Books
Holdings
Kalıcı Konum Mevcut Konum Edinme Tarihi Toplam Check-Out'Lar Tam Çağrı Numarası Barkod Tarih Son Görülme İtibaren Geçerli Fiyatlar Koha Öğesi Türü
CHP Kütüphanesi CHP Kütüphanesi 02/14/2024   739.27 B54c 2015 20989 02/14/2024 02/14/2024 Books